• 首页
  • 本馆介绍
  • 公告通知
  • 最新文献
  • 馆藏检索
  • 电子资源
  • 读者导购
  • 参考咨询
  • 我的图书馆
  • 登录
  • 详细信息显示
  • 放入我的书架
  • 预约/预借图书
  • 作者相关作品
  • 分类相关作品
  • 丛书相关作品
  • 出版社相关作品

书目信息

  • 表格格式
  • 工作单格式
  • 卡片格式
题名:
物流学导论
    
 
作者: 桂寿平 主编
分册:  
出版信息: 北京   北京师范大学出版社  2017.03
页数: 336页
开本: 23cm
丛书名:
单 册:
中图分类: F25 , P252
科图分类:
主题词: 物流--高等教育--教材 , 测绘--专业 , 测量--专业
电子资源:
ISBN: 978-7-303-22059-5
000 00962nam0 2200289 450
001 5512
005 20181016163945.73
010    @a978-7-303-22059-5@dCNY39.80
100    @a20180217d2017 em y0chiy50 ea
101 0  @achi
102    @aCN@b110000
105    @ay z 000yy
200 1  @a物流学导论@9wu liu xue dao lun@dIntroduction to logistics@f桂寿平主编@zeng
205    @a2版
210    @a北京@c北京师范大学出版社@d2017.03
215    @a336页@d23cm
300    @a普通高等教育“十三五”规划教材 工商管理系列
330    @a本书内容包括:物流学基础理论、物流与供应链、物流系统、采购管理、包装与装卸搬运、运输管理、信息处理、企业物流、物流外包、多式联运与集装物流系统等。
510 1  @aIntroduction to logistics@zeng
606 0  @a物流@x高等教育@j教材
606 0  @a测绘@x专业
606 0  @a测量@x专业
690    @aF25@v5
690    @aP252@v4
701  0 @a桂寿平@9gui shou ping@4主编
801  0 @aCN@b91MARC@c20180217
905    @aMuseLib@dP252@e292=2
    
    物流学导论=Introduction to logistics/桂寿平主编.-2版.-北京:北京师范大学出版社,2017.03
    336页;23cm
    普通高等教育“十三五”规划教材 工商管理系列
    
    ISBN 978-7-303-22059-5:CNY39.80
    本书内容包括:物流学基础理论、物流与供应链、物流系统、采购管理、包装与装卸搬运、运输管理、信息处理、企业物流、物流外包、多式联运与集装物流系统等。
●
相关链接 在E读中查询图书 在五车中查询图书 在当当中查询图书 在豆瓣中查询图书


正题名:物流学导论     索取号:P252/292=2         预约/预借

序号 登录号 条形码 馆藏地/架位号 状态 备注
1 1130075   211300750   第二样本阅览室/ [索取号:P252/292=2] 在馆    
2 1130076   211300769   第三借阅区/ [索取号:P252/292=2] 在馆    
3 1130077   211300778   第三借阅区/ [索取号:P252/292=2] 在馆    
4 1130078   211300787   第三借阅区/ [索取号:P252/292=2] 在馆    
5 1130079   211300796   密集书库-资源管理系/ [索取号:P252/292=2] 在馆    
唐山师范学院图书馆 欢迎您!
大连网信软件有限公司© 版权所有